000 00509nam a2200181Ia 4500
008 240925s9999 xx 000 0 und d
020 _a020150037X
082 _a519.20246213 GAR
100 _aGarcia ,Leoon Alberto
245 0 _aProbability and Random Processes for Electrical Engineering
250 _a2nd
260 _aNew York:
_bFree Press
_c,1994.
300 _axvi,543p.
_bNA
_fOriginal
500 _aIncludes Index
600 _aHumanities & Natural Science
650 _aMathematics
942 _cBK
999 _c4001
_d4001